General knowledge quiz #11 - Statistics

General Stats
  • This quiz has been taken 33 times
  • The average score is 11 of 20
Answer Stats
Hint Answer % Correct
Most populous city in india Delhi/Mumbai(depends on website)
93%
Michael Jackson’s nickname was the king of_____ Pop
90%
Whats bigger 1/2, .25 or 66% 66%
87%
What country was Genghis khan Mongolia
80%
How do you say house in Spanish Casa
77%
Actor who played the genie in Aladdin , mrs doubtfire and Sean McGuire Robin Williams
73%
Last name of Author of lord of the rings and the hobbit Tolkien
73%
What did Twitter rebrand to X
67%
Which Hawaiian island has the most people O’ahu
63%
What state is Philadelphia in Pennsylvania
60%
Blue and yellow make this color but what is it in Spanish Verde
57%
Biology is best defined as the study of____ Life
47%
The smallest country in South America Suriname
47%
Actress who starred in the wedding singer, blended, and 50 first dates Drew barrymore
37%
What is the 2nd most popular sport in the world Cricket
27%
Name of jetpunk fish Jeppy
23%
Highest grossing movie in 2022 (according to IMDB) Avatar way of water
17%
According to phone as and verb how many days are in summer vacation 104
13%
What about Attila the hun Hungary
13%
Most popular animal in zoos Panda
10%
No matching quizzes found
Score Distribution
Percent of People with Each Score
Percentile by Number Answered
Your Score History
You have not taken this quiz